| 000 | 01086nam a22002657a 4500 | ||
|---|---|---|---|
| 005 | 20230223022155.0 | ||
| 008 | 230223b |||||||| |||| 00| 0 eng d | ||
| 020 | _a979-621-427-029-3 | ||
| 082 | _aFil. 005.2762 J41 2018 | ||
| 245 |
_aJava programming / _cMarmelo V. Abante, Marygin E. Sarmiento, Sarmiento Dan Michael A. Cortez, Dean Myra Santos, Mark Raffy M. Neones, Dean Myra Santos, Mark Raffy M. Neones, Jedric Jgabe B. Santos, Rejan L. Tadeo. |
||
| 260 |
_aManila : _bUnlimited Books Library Services & Publishing, _c c2018. |
||
| 300 |
_avi, 186p. : _bill. |
||
| 541 | _e5956 c.1, 5957 c.2 | ||
| 650 | _aJava (Computer program language) | ||
| 650 | _aComputer programming | ||
| 700 |
_aAbante, Marmelo V., _eauthor. |
||
| 700 | _aSarmiento, Marygin E., | ||
| 700 | _aSarmiento Dan Michael A. Cortez, | ||
| 700 |
_aSantos, Dean Myra, _eauthor. |
||
| 700 |
_aNeones, Mark Raffy M., _eauthor. |
||
| 700 |
_aSantos, Dean Myra, _eauthor. |
||
| 700 |
_aMark Raffy M. Neones, _eauthor. |
||
| 700 |
_aSantos, Jedric Jgabe B., _eauthor. |
||
| 700 |
_aTadeo, Rejan L., _eauthor. |
||
| 999 |
_c1384 _d1384 |
||